| 000 | 00738nam a2200217Ii 4500 | ||
|---|---|---|---|
| 003 | JO-AjNU | ||
| 008 | 230605s9999||||xx |||||||||||||| ||und|| | ||
| 017 | _a2011/8497 | ||
| 020 | _a978-977-5029-12-6 | ||
| 040 |
_aJO-AjNU _bara _erda _cJO-AjNU |
||
| 041 | _aara | ||
| 050 | 1 | 4 | _aQA76.9.D3.A932 2011 |
| 100 | 3 |
_aعزب، محمدعزب, _eauthor _944343 |
|
| 245 | 0 | 0 | _aتعلم بسهولة ORACLE اساسيات وادوات واوامر البرمجة |
| 264 | 3 | 1 | _aالقاهرة:دار الكتب العلمية ، 2010 |
| 300 | _a281ص | ||
| 336 |
_atext _btxt _2rdacontent |
||
| 337 |
_aunmediated _bn _2rdamedia |
||
| 338 |
_avolume _bnc _2rdacarrier |
||
| 650 | 4 |
_aالحاسبات الالكترونية-لغات _944344 |
|
| 999 |
_aA19138 _c22706 _d22706 |
||